THE NANCY DREW TILES STRANGE MEMORIES (Record no. 468835)

MARC details
000 -LEADER
fixed length control field 00411nam a2200145Ia 4500
008 - FIXED-LENGTH DATA ELEMENTS--GENERAL INFORMATION
fixed length control field 100204s9999 xx 000 0 und d
082 ## - DEWEY DECIMAL CLASSIFICATION NUMBER
Item number 23583
100 ## - MAIN ENTRY--PERSONAL NAME
Personal name KEENE CAROLYN
245 ## - TITLE STATEMENT
Title THE NANCY DREW TILES STRANGE MEMORIES
260 ## - PUBLICATION, DISTRIBUTION, ETC. (IMPRINT)
Name of publisher, distributor, etc "BBANTAM BOOKS, N YORK"
Date of publication, distribution, etc 1997
300 ## - PHYSICAL DESCRIPTION
Extent 149
630 ## - SUBJECT ADDED ENTRY--UNIFORM TITLE
Uniform title THE NANCY DREW TILES STRANGE MEMORIES
730 ## - ADDED ENTRY--UNIFORM TITLE
Uniform title THE NANCY DREW TILES STRANGE MEMORIES
942 ## - ADDED ENTRY ELEMENTS (KOHA)
Koha item type Book
Holdings
Withdrawn status Lost status Damaged status Not for loan Home library Current library Date acquired Cost, normal purchase price Total Checkouts Full call number Barcode Date last seen Cost, replacement price Price effective from Koha item type
        N. C. Kelkar Sarvajanik Library, Mulund N. C. Kelkar Sarvajanik Library, Mulund 04/01/1999 25.00   23583 NCKMULUND-23583 02/04/2010 25.00 02/04/2010 Book